| 000 | 00598nam a22002297a 4500 | ||
|---|---|---|---|
| 003 | UA-OsUOA | ||
| 001 | 87010 | ||
| 007 | ta | ||
| 008 | 20120913b un ||||| |||| 00| 0 ukr d | ||
| 100 | _aРозанова Л. | ||
| 090 |
_a82.09 _bР 64 |
||
| 942 | _cBK | ||
| 040 |
_aUA-OsUOA _brus _cUA-OsUOA _dUA-OsUOA |
||
| 245 | _aНекрасов Н.А. и русская рабочая поэзия | ||
| 300 | _a224 с. | ||
| 955 | _a3 | ||
| 041 | _arus | ||
| 080 | _a82.09 | ||
| 260 |
_aЯрославль _bВерхне-Волжское кн. изд. _c1973 |
||
| 650 | 7 | _2UDC | |
| 999 |
_c373227 _d373227 |
||